Τα πυρηνικά ατυχήματα ως δυσμενής παράγοντας για την αειφορία και το περιβάλλον : μελέτη του πυρηνικού ατυχήματος στη Φουκουσίμα : διπλωματική εργασία [μεταπτυχιακή εργασία]
Αποθηκεύτηκε σε:
| Κύριος συγγραφέας: | |
|---|---|
| Συγγραφή απο Οργανισμό/Αρχή: | |
| Άλλοι συγγραφείς: | |
| Μορφή: | Thesis Βιβλίο |
| Γλώσσα: | Greek |
| Δημοσίευση: |
2013
|
| Θέματα: | |
| Διαθέσιμο Online: | http://hdl.handle.net/11610/15783 |
| Ετικέτες: |
Προσθήκη ετικέτας
Δεν υπάρχουν, Καταχωρήστε ετικέτα πρώτοι!
|
MARC
| LEADER | 00000cam a2200000 i 4500 | ||
|---|---|---|---|
| 001 | 1/40926 | ||
| 008 | 140129s2013 gre d | ||
| 035 | |l 10116478 | ||
| 040 | |a GR-MY-UA |b gre |e aacr | ||
| 041 | 0 | |a gre | |
| 082 | 0 | |a 363.179 |2 (22) | |
| 100 | 1 | |a Πολύμερου, Ευαγγελία. | |
| 245 | 1 | 3 | |a Τα πυρηνικά ατυχήματα ως δυσμενής παράγοντας για την αειφορία και το περιβάλλον : |b μελέτη του πυρηνικού ατυχήματος στη Φουκουσίμα : διπλωματική εργασία [μεταπτυχιακή εργασία] / |c Πολύμερου Ευαγγελία ; επιβλέπουσα: Μαρία Καϊλα |
| 260 | |c 2013 | ||
| 300 | |a 109 σ.; |b πίν.; |c 30 εκ. | ||
| 500 | |a Μέλη εξεταστικής επιτροπής: Έλενα Θεοδωροπούλου, Περσεφόνη Φώκιαλη | ||
| 502 | |a Διατριβή (μεταπτυχιακή) – Πανεπιστήμιο Αιγαίου, Ρόδος, 2013. | ||
| 504 | |a Βιβλιογραφία: σ. 99-103 | ||
| 650 | 0 | 0 | |a Nuclear facilities |x Accidents. |
| 650 | 0 | 0 | |a Radioactive pollution. |
| 650 | 0 | 0 | |a Dissertations, Academic |z Greece. |
| 651 | 0 | |a Japan. | |
| 700 | 1 | |4 ths |a Καΐλα, Μαρία Α. | |
| 710 | 2 | |a Πανεπιστήμιο Αιγαίου |b Σχολή Ανθρωπιστικών Επιστημών |b Τμήμα Επιστημών της Προσχολικής Αγωγής και του Εκπαιδευτικού Σχεδιασμού |b Πρόγραμμα Μεταπτυχιακών Σπουδών Περιβαλλοντική Εκπαίδευση. | |
| 852 | |a INST |b RHODES |c DIATR |e 20140129 |h 363.179 ΠΟΛ |p 005400036041 |q 005400036041 |t MTXE |y 23 | ||
| 852 | |a INST |b RHODES |c DIATR |e 20140129 |h 363.179 ΠΟΛ |p 005400036042 |q 005400036042 |t MTXE |y 23 | ||
| 856 | |u http://hdl.handle.net/11610/15783 | ||
| 901 | |a BIBL4-2014-1 | ||
| 909 | |a Ρ |b 182549 | ||
| 909 | |a Ρ |b 182550 | ||
| 924 | |a ΠΟΛΥΜΕΡΟΥ |b ΕΥΑΓΓΕΛΙΑ |y ΡΟΔΟΣ |z 2013-10 | ||
| 970 | |z 2014/01/29 | ||